000 00669nam a2200241Ia 4500
003 OSt
005 20221005115146.0
006 a|||||r|||| 00| 0
007 ta
008 221004b |||||||| |||| 00| 0 eng d
024 _a47743
037 _cTextual
040 _aCRL
_cCRL
_beng
041 _2eng
_aeng
082 _aT2u2:N5, J9
110 _aGOVERNMENT OF INDIA, EDUCATION (Ministory of ----)
_9627206
245 0 _aBrochure on educational survey of India
260 _c1959
650 _aEDUCATION
700 _aGOVERNMENT OF INDIA, EDUCATION (Ministory of ----)
_9627207
942 _hT2u2:N5, J9
_cTEXL
_2cc
999 _c1033598
_d1033598